| 000 | 01304nam a22003497a 4500 | ||
|---|---|---|---|
| 003 | CHAP | ||
| 005 | 20220817043715.0 | ||
| 008 | 000919d2000 mx b r 00110 spa d | ||
| 010 | _a82276 | ||
| 011 | _a83248 | ||
| 035 | _a93759 | ||
| 040 | _cCHAP | ||
| 090 | _aTesis | ||
| 100 | 0 | 0 |
_aMillán Vázquez, Cristina Ma. _975840 |
| 245 | 1 | 0 |
_aMovimiento independiente de pequeños productores de café en el centro de Veracruz (1982-1995) dinámica y tendencias _c/por Cristina Ma. Millán Vásquez |
| 260 |
_aChapingo, Méx. : _bEl autor, _c2000. |
||
| 300 |
_a180 h. : _bgráfs. ; mapas |
||
| 502 | _aTesis (M.C. en Desarrollo Rural Regional) -- UACH. Dirección de Centros Regionales Universitarios | ||
| 590 |
_aALEPH _b10 _c20130110 _lUCH01 _h1437 |
||
| 590 |
_aBATCH-UPD _b10 _c20130110 _lUCH01 _h0653 |
||
| 590 |
_aBATCH-UPD _b10 _c20130410 _lUCH01 _h0338 |
||
| 590 |
_aBATCH-UPD _b10 _c20130914 _lUCH01 _h0812 |
||
| 590 |
_aCONVERSION _b10 _c20130109 _lUCH01 _h1346 |
||
| 650 | 1 | 4 |
_aCafé _zVeracruz. |
| 650 | 1 | 4 |
_aDesarrollo de la comunidad rural _xVeracruz. _932031 |
| 650 | 1 | 4 |
_aOrganización de productores. _983544 |
| 901 | _aBK | ||
| 905 | _aMayto Villalobos S. | ||
| 942 | _cFOLL | ||
| 949 |
_bBC _cTES _d33724000794244 _eTS2 _h36956 _i93759 _sb |
||
| 949 |
_bBC _cTES _d937591 _eTS1 _h36955 _i93759 _sb |
||
| 999 |
_c82276 _d82276 |
||